00598nmm a22002297a 450000500170000000800410001704100080005808200100006610000300007610000340010610000290014010000270016924500450019626000090024130000170025050200060026765000150027365000120028865000280030065000280032865000120035620220629085512.0190117b xxu||||| |||| 00| 0 spa d aspa aGT 58 aFernández Quesada, Axel aQuirós Pérez, Mariclaudia aSalazar Gabriel, Manfred aSieza Orozco, Gabriela aMacrosistema del Cantón de Sarapiquí c2019 a50 páginas a  aCOSTA RICA aTURISMO aGEOGRAFÍA TURÍSTICA aCANTÓN DE SARAPIQUÍ aHEREDIA